000 00864nam a22002897a 4500
003 CHAP
005 20220329135635.0
008 971013s1993 r 00010 d
010 _a39784
011 _a40756
035 _a44882
040 _cCHAP
082 _a575.1
_bR67
100 0 0 _aRothwell, Norman V.
_9100286
245 _aUnderstanding genetics
_b: molecular approach
260 _aNew York :
_bWiley,
_c1993
300 _a656 p.
590 _aBATCH-UPD
_b10
_c20130110
_lUCH01
_h1817
590 _aBATCH-UPD
_b10
_c20130410
_lUCH01
_h1151
590 _aBATCH-UPD
_b10
_c20130914
_lUCH01
_h1535
590 _aCONVERSION
_b10
_c20130109
_lUCH01
_h1322
650 1 4 _aGenética molecular.
_947496
650 1 4 _aGenética.
_947469
901 _aBK
942 _cLIBRO
949 _a575.1 R67
_bBC
_cLIBRO
_d33724000004222
_eLIBRO
_gI.179189
_h88193
_i44882
_si
_t367.50
999 _c39784
_d39784